000 01098nam0a22002531 4500
001 rc\2195620
005 20110829164528.8
035 _a(NLR Aleph) 006510762
090 _a6327870
_c6327870
100 _a20110829d1978 |||y0rusy50 ca
101 0 _arus
102 _aRU
105 _ay c |||||
200 1 _aМетодические указания по рациональному размещению таксомоторных стоянок и автоматов вызова такси в городах
_f[М-во автомоб. трансп. РСФСР]
_gРазраб. Г.В. Болоненков
210 _aМосква
_c[Б. и.]
_d1978
215 _a12 с.
_d21
606 _aТаксомоторный транспорт
_xОрганизация работы
_2psbo
702 1 _aБолоненков
_bГ. В.
_gГеннадий Васильевич
_4220
712 0 1 _aРСФСР
_bМ-во автомобильного транспорта
_3RU\NLR\AUTH\889994827
801 0 _aRU
_bNLR
_gpsbo
801 1 _aRU
_bELAR
_2rusmarc
852 _aNLR
_j78-6/2616
942 _cBOOK
980 _aNB